000 00688nam a2200289Ia 4500
005 20260324123347.0
008 008 260324s9999 xx 000 0 eng d
020 _a9780203112496
037 _aEBOOK
040 _aCRL
040 _beng
040 _cCRL
041 _2eng
041 _aeng
084 _qCRL
100 _aLuke Thurston
_91146107
245 0 _aLiterary Ghosts from the Victorians to Modernism
245 4 _bThe Haunting Interval
260 _bTaylor and Francis
260 _c2012
365 _a
365 _b240
856 _uhttp://www.taylorfrancis.com/books/9780203112496
942 _cEBOOK
999 _c1763470
_d1763470